000 00542nam a2200205Ia 4500
003 OSt
005 20250310111606.0
008 210210b1976 xxu||||| |||| 00| 0 eng d
040 _cAL
041 _ahin
082 _aH891.3 RAGK
100 _aRAGHAV (Rangeya):
_9205336
110 _bराघव रांगेय
_9205338
245 _aKab tak pukarun:
_bकब तक पुकारूँ
260 _aDilli
_bRajpal And Sons
_c1976
300 _a577
690 _aHindi Fiction
_9205337
906 _aSG00824
942 _2ddc
_cBK
999 _c112278
_d112278